| 000 | 01057cam a2200277 i 4500 | ||
|---|---|---|---|
| 001 | 17968549 | ||
| 005 | 20230912135910.0 | ||
| 008 | 131211s2013 enka b 001 0 eng | ||
| 010 | _a 2013444249 | ||
| 020 | _a9780199698400 (pbk.) | ||
| 040 |
_aDLC _beng _cDLC _erda _dDLC |
||
| 042 | _apcc | ||
| 050 | 0 | 0 | _aRG 524 .O94 2013 |
| 245 | 0 | 0 | _aOxford handbook of obstetrics and gynaecology. |
| 246 | 3 | 0 | _aHandbook of obstetrics and gynaecology |
| 250 |
_aThird edition / _bedited by Sally Collins, specialist registrar in obstetrics and gynecology, the John Radcliffe Hospital, Oxford, UK [and four others]. |
||
| 260 |
_aOxford: _bOxford University Press, _c2013 |
||
| 300 |
_axxiv, 824 pages : _billustrations (some color) ; _c19 cm. |
||
| 490 | 0 | _aOxford medical publications | |
| 500 | _aPrevious edition: 2008. | ||
| 504 | _aIncludes bibliographical references and index. | ||
| 650 | 0 | _aGynecology. | |
| 650 | 0 | _aObstetrics. | |
| 700 | 1 |
_aCollins, Sally _c(Obstetrics specialist) |
|
| 942 |
_2lcc _cREF_BOOK _hRG 524 .O94 2013 |
||
| 999 |
_c31848 _d31848 |
||